Tiada tajuk

Bibliographic Details
Main Author: Ismi Fa Ismail (Author)
Format: Book
Language:Malay
Published: Shah Alam, Selangor : IFI ENTERPRISE 2013
Subjects:

MARC

LEADER 00000cam a2200000 7i4500
001 0000030733
005 20240910.0
008 240215 my may
020 |a 9789671019245 (paperback) 
040 |a INS   |b eng   |e rda 
090 0 0 |a PL5186.I86   |b .T53 2013 
100 0 |a Ismi Fa Ismail ,   |e author 
245 1 0 |a Tiada tajuk   |c ISMI FA ISMAIL 
264 1 |a Shah Alam, Selangor :   |b IFI ENTERPRISE   |c 2013 
300 |a 277 pages ;   |c 19 cm. 
336 |a text  |2 rdacontent 
337 |a unmediated  |2 rdamedia 
338 |a volume  |2 rdacarrier 
650 0 |a Malay fiction 
650 0 |a Malaysian fiction (Malay) 
999 |a 0000025060   |b BOOK   |c Open Shelf   |e Default branch